000 00841nam a2200205 a 4500
001 000024210
005 20200930022818.0
008 110120s1990 cu r 000 0 spa d
040 _aDO-SdBNP
_bspa
_cBNPHU
082 _annnn
_bC961p
245 0 0 _aCuando el país llama :
_bepistolario /
_ccompilado por Leonardo Depestre Catony y Eladio Blanco Cabrera ; prólogo de Joaquín G. Santana ; edición de Carina Pino-Santos Navarro.
260 _aLa Habana, Cuba :
_bPolítica,
_c1990.
300 _axvii, 294, [8] p. ;
_c17 cm.
504 _aIncluye referencias bibliográficas y notas al pie de las páginas.
700 1 _aDepestre Catony, Leonardo,
_ecomp.
_99704
700 1 _aBlanco Cabrera, Eladio,
_ecomp.
_949725
700 1 _aSantana, Joaquín G.,
_epról.
_949726
700 1 _aPino-Santos Navarro, Carina,
_eed.
_946946
049 _aBNGR
999 _c23704
_d23704